• 首页
  • 本馆介绍
  • 公告通知
  • 最新文献
  • 馆藏检索
  • 电子资源
  • 读者导购
  • 参考咨询
  • 我的图书馆
  • 登录
  • 详细信息显示
  • 放入我的书架
  • 预约/预借图书
  • 作者相关作品
  • 分类相关作品
  • 丛书相关作品
  • 出版社相关作品

书目信息

  • 表格格式
  • 工作单格式
  • 卡片格式
题名:
海洋渔业地理信息系统研究与应用
    
 
作者: 邵全琴 著
分册:  
出版信息: 北京   科学出版社  2001
页数: 237页
开本: 26cm
丛书名: 海洋监测技术研究丛书
单 册:
中图分类: S931.3
科图分类:
主题词: 渔业--环境
电子资源:
ISBN: 7-03-009068-3
000 00690nam0 2200229 450
001 0655598671
005 20060116153007.07
010    @a7-03-009068-3@dCNY32.00
092    @aCN
100    @a20060116d2001 km y0chiy0120 ea
101 0  @achi
102    @aCN@b110000
200 1  @a海洋渔业地理信息系统研究与应用@Ahai yang yu ye di li xin xi xi tong yan jiu yu ying yong@f邵全琴等著@Fshao quan qin deng zhu
210    @a北京@c科学出版社@d2001
215 1  @a237页@d26cm
225    @a海洋监测技术研究丛书
410  0 @12001 @a海洋监测技术研究丛书
606 0  @a渔业@x环境
690    @aS931.3@v4
701  0 @a邵全琴@Ashao quan qin@4著
801  0 @aCN@bPFT@c20060116
905    @a10447@dS931.3@e12
    
    海洋渔业地理信息系统研究与应用/邵全琴等著.-北京:科学出版社,2001
    237页;26cm.-(海洋监测技术研究丛书)
    
    
    ISBN 7-03-009068-3:CNY32.00
    
●
相关链接 在E读中查询图书 在五车中查询图书 在当当中查询图书 在豆瓣中查询图书


正题名:海洋渔业地理信息系统研究与应用     索取号:S931.3/12         预约/预借

序号 登录号 条形码 馆藏地/架位号 状态 备注
1 0338044   203380448   第二样本阅览室/ [索取号:S931.3/12] 在馆    
2 0338045   203380457   第三借阅区/ [索取号:S931.3/12] 在馆    
3 0338046   203380466   第三借阅区/ [索取号:S931.3/12] 在馆    
唐山师范学院图书馆 欢迎您!
大连网信软件有限公司© 版权所有